| 000 | 00422nam a2200181Ia 4500 | ||
|---|---|---|---|
| 001 | 14157 | ||
| 005 | 20250626030244.0 | ||
| 008 | 211022s9999 xx 000 0 und d | ||
| 020 | _a9781845207403 | ||
| 082 | _a306 BHA | ||
| 100 | _aEdwards, Elizabeth | ||
| 245 | 0 | _aVisual sense : a cultural reader | |
| 260 | _aOxford ; | New York : | ||
| 260 | _bBerg, | ||
| 260 | _c2008 | ||
| 300 | _axiii, 470 p. : | ||
| 942 | _cBK | ||
| 999 |
_c9085 _d9085 |
||